Southville International School and Colleges
Your cart is empty.
  • Cart
  • Lists
    Public lists Eva Luna New books Lux_list list_1
    Your lists Log in to create your own lists
  • Log in to your account
  • Your cookies
  • Search history
Southville International School and Colleges
  • Advanced search
  • Recent comments
  • Most popular
  • Libraries

Log in to your account

Log in with GOOGLE


If you do not have an external account, but do have a local account, you can still log in:

  1. Home
  2. MARC view: True tales from the seas
Normal view MARC view ISBD view

True tales from the seas (Record no. 12280)

[ view plain ]
MARC details
000 -LEADER
fixed length control field 00504nam a22001817a 4500
003 - CONTROL NUMBER IDENTIFIER
control field ost
005 - DATE AND TIME OF LATEST TRANSACTION
control field 20140310182348.0
008 - FIXED-LENGTH DATA ELEMENTS--GENERAL INFORMATION
fixed length control field 130928t xxu||||| |||| 00| 0 eng d
020 ## - INTERNATIONAL STANDARD BOOK NUMBER
International Standard Book Number 0739808524
050 ## - LIBRARY OF CONGRESS CALL NUMBER
Classification number GR 72
Item number .V371 2000
082 ## - DEWEY DECIMAL CLASSIFICATION NUMBER
Classification number GS 550.46
Item number B496 2000
245 ## - TITLE STATEMENT
Title True tales from the seas
Statement of responsibility, etc Henry Billings and Melissa Stone Billings.
260 ## - PUBLICATION, DISTRIBUTION, ETC. (IMPRINT)
Place of publication, distribution, etc Texas :
Name of publisher, distributor, etc Steck-Vaughn Company,
Date of publication, distribution, etc 2000.
300 ## - PHYSICAL DESCRIPTION
Extent 112 p.,
Dimensions 28.1 cm.
541 ## - IMMEDIATE SOURCE OF ACQUISITION NOTE
-- 1
562 ## - COPY AND VERSION IDENTIFICATION NOTE
Number of copies 1
942 ## - ADDED ENTRY ELEMENTS (KOHA)
Source of classification or shelving scheme Library of Congress Classification
Koha item type
Holdings
Withdrawn status Lost status Source of classification or shelving scheme Damaged status Home library Current library Shelving location Date acquired Total Checkouts Full call number Barcode Date last seen Copy number Price effective from Koha item type
    Library of Congress Classification   Luxembourg Library Luxembourg Library Grade School Section 09/28/2013   GR 72 .V371 2000 8357 02/04/2015 1 09/28/2013 Books

True tales from the seas

APA

(2000). True tales from the seas. Texas: Steck-Vaughn Company.

Chicago

2000. True tales from the seas. Texas: Steck-Vaughn Company.

Harvard

(2000). True tales from the seas. Texas: Steck-Vaughn Company.

MLA

True tales from the seas. Texas: Steck-Vaughn Company. 2000.

  • Place hold
  • Print
  • Cite
  • Add to your cart (remove)
  • Save record
    BIBTEX Dublin Core MARCXML MARC (non-Unicode/MARC-8) MARC (Unicode/UTF-8) MARC (Unicode/UTF-8, Standard) MODS (XML) RIS
  • More searches
    Search for this title in:
    Other Libraries (WorldCat) Other Databases (Google Scholar) Online Stores (Bookfinder.com) Open Library (openlibrary.org)

Exporting to Dublin Core...

SOUTHVILLE LIBRARY

Southville International School and Colleges Library

1281 Tropical Ave. Cor. Luxembourg St., BF Homes International, Las Pinas City

Tel. No. 8256374 / 252358 Loc. 117/146

Powered by Koha